แสดงรายละเอียดบรรณานุกรม
  กลับหน้าหลัก

Brief Record : Get Marc (ISO 2709) : E-mail record : QR code ปิดหน้าต่าง
สารบัญ Review โดย
ใช้งานได้ทุกระบบ
ห้องสมุด วพบ.ขอนแก่น
ใช้งานได้ทุกระบบ เมื่อ22/มกราคม/2558
  • บทที่ 1 การพยาบาลผู้ป่วยที่มีปัญหาโรคหัวใจและหลอดเลือด
  • บทที่ 2 การพยาบาลผู้ที่มีปัญหาเกี่ยวกับระบบเลือด
  • บทที่ 3 การพยาบาลผุ้ป่วยโรคระบบต่อมไร้ท่อ
  • บทที่ 4 การพยาบาลผู้ใหญ่และผู้สูงอายุที่มีปัญหาเกี่ยวกับระบบหายใจตามกระบวนการพยาบาล

E-books : เกี่ยวกับ Collections
LEADER 00000nama 2200000uu 4500
001    194517
003     ULIBM
008    040531s|||| th m m a000 0 tha d
020    ^a974-291-152-5
041    tha
050    WY152 ก492 2549 ล.2
100    คณาจารย์สถาบันพระบรมราชชนก.
245    การพยาบาลผู้ใหญ่และผู้สูงอายุ เล่ม 2.
250    พิมพ์ครั้งที่ 7.
260    โครงการสวัวดิการวิชาการ สถาบันพระบรมราชชนนก. นนทบุรี. 2549.
300    604 หน้า.
600    สถาบันพระบรมราชชนก,โคงการสวัสดิการวิชาการ.
650    1.ผู้สูงอายุ--การพยาบาล.
995    001
999    ^aใช้งานได้ทุกระบบ
รายการนี้ยังไม่มีแท็ก
คุณยังไม่ได้ล็อกอิน คุณสามารถมีกิจกรรมร่วมกับเว็บไซต์ได้ แต่ต้องล็อกอินก่อน ::
  ล็อกอิน
ลำดับที่ ประเภท เลขเรียก สถานที่ สถานะ
1. หนังสือทั่วไป
หนังสือทั่วไป
WY152 ก492 2549 ล.2  
  
หนังสือทั่วไป On Shelf
  ขอยืม
2. หนังสือทั่วไป
หนังสือทั่วไป
WY152 ก492 2549 ล.2  
  
หนังสือทั่วไป On Shelf
  ขอยืม
3. หนังสือทั่วไป
หนังสือทั่วไป
WY152 ก492 2549 ล.2  
  
หนังสือทั่วไป On Shelf
  ขอยืม
   [แสดง 3/3 รายการ]

รายการใกล้เคียง
    ผู้แต่ง [คณาจารย์สถาบันพระบรมราชชนก.]

BibComment


ยังไม่เคยถูกคอมเมนท์

คอมเมนท์ทรัพยากรรายการนี้
  คอมเมนท์: การพยาบาลผู้ใหญ่แ..
Bib 194517

 
 
 

 Union Library Management : ULibM
Copyright 2026. All Rights Reserved.
скачать бесплатно без регистрации порно красивый секс HD Sex Hindi sex

xxx gou

xxxx

bfxxx

xxxwww

Секса Видео

xxxx

Секса Видео

detube

geilexxx

C99 Shell

worms shell

blod xxx video
Ebony Coed Rihanna Rimes Takes A Dick In Her Young Twat priyaa indian fuck anal and pusssy hardcore indian women xxx desi hardcore fucking part 1 bengalixxxcouple